00000000cam 2200000zi 4500
0019.949831
003CaOODSP
00520260605143353
006m     o  d f      
007cr bn|||||||||
008250404t20252025onc     o    f000 0 eng d
020 |a9780660768359
040 |aCaOODSP|beng|erda|cCaOODSP
043 |an-cn---
0861 |aBT42-401/2027E-PDF
24500|aAgreement between the Treasury Board and the Canadian Federal Pilots Association : |bgroup : aircraft operations (all employees).
264 1|aOttawa ON : |bTreasury Board of Canada Secretariat = Secrétariat du Conseil du trésor du Canada, |c2025.
264 4|c©2025
300 |a1 online resource (113 pages)
336 |atext|btxt|2rdacontent
337 |acomputer|bc|2rdamedia
338 |aonline resource|bcr|2rdacarrier
500 |aIssued also in French under title: Convention entre le Conseil du trésor et l'Association des pilotes fédéraux du Canada : groupe : navigation aérienne (tous les employés).
500 |aCover title.
500 |aAt head of title: Aircraft Operations (401).
500 |a"Expiry date: January 25, 2027."
500 |a"Published: 2025-04-14."
650 0|aCollective labor agreements|xGovernment employees|zCanada.
7101 |aCanada. |bTreasury Board, |eissuing body.
7102 |aCanadian Federal Pilots Association, |eissuing body.
77508|tConvention entre le Conseil du trésor et l'Association des pilotes fédéraux du Canada : |w(CaOODSP)9.949832
795 |tAgreement between the Treasury Board and the Canadian Federal Pilots Association : |b[2020]|w(CaOODSP)9.880870
85640|qPDF|s1.23 MB|uhttps://publications.gc.ca/collections/collection_2026/sct-tbs/BT42-401-2027-eng.pdf
8564 |qHTML|sN/A|uhttps://www.canada.ca/en/treasury-board-secretariat/topics/pay/collective-agreements/ao.html